[Event "34th ECC Women 2018"]
[Site "Porto Carras GRE"]
[Date "2018.10.18"]
[Round "7.3"]
[Board "1"]
[White "Shvayger, Yuliya"]
[Black "Gunina, Valentina"]
[Result "1/2-1/2"]
[WhiteTitle "IM"]
[BlackTitle "GM"]
[WhiteElo "2375"]
[BlackElo "2525"]
[WhiteTeam "Beer Sheva Chess Club"]
[BlackTeam "Caissa Italia Pentole Agnelli"]
[WhiteFideId "14100126"]
[BlackFideId "4167570"]
[EventDate "2018.10.12"]

1. e4 c6 2. d4 d5 3. e5 Bf5 4. Nf3 e6 5. Be2 Nd7 6. O-O h6 7. Nbd2 Ne7 8. c3 g5
9. Re1 Bg7 10. Nf1 Bg6 11. Bd3 Qb6 12. a4 c5 13. a5 Qc7 14. Bxg6 fxg6 15. Ne3
O-O 16. b4 c4 17. b5 Rf7 18. Ba3 Nf5 19. Nxd5 exd5 20. e6 Rf6 21. exd7 Qxd7 22.
Rb1 Re8 23. Rxe8+ Qxe8 24. Nd2 Kh7 25. Nf1 Re6 26. Qf3 Re4 27. Bc5 Nh4 28. Qd1
Re2 29. Ng3 Ra2 30. b6 axb6 31. axb6 Qf7 1/2-1/2

[Event "34th ECC Women 2018"]
[Site "Porto Carras GRE"]
[Date "2018.10.18"]
[Round "7.3"]
[Board "2"]
[White "Paehtz, Elisabeth"]
[Black "Klinova, Masha"]
[Result "1-0"]
[WhiteTitle "IM"]
[BlackTitle "IM"]
[WhiteElo "2513"]
[BlackElo "2288"]
[WhiteTeam "Caissa Italia Pentole Agnelli"]
[BlackTeam "Beer Sheva Chess Club"]
[WhiteFideId "4641833"]
[BlackFideId "2802015"]
[EventDate "2018.10.12"]

1. d4 d6 2. Nf3 g6 3. g3 Bg7 4. Bg2 Nf6 5. O-O O-O 6. c4 c6 7. Nc3 Bf5 8. Ne1 e5
9. d5 e4 10. h3 h5 11. Nc2 c5 12. Bf4 Qe7 13. Ne3 Nbd7 14. Qc2 Rfe8 15. Bg5 Qf8
16. Nb5 Re5 17. Bf4 a6 18. Bxe5 Nxe5 19. Nc3 Re8 20. Kh2 Bh6 21. Ncd1 Bc8 22.
Kh1 h4 23. g4 Bf4 24. Nc3 Qh6 25. Ned1 Nxc4 26. e3 Bg5 27. Nxe4 Nxe4 28. Bxe4
Nd2 29. Qxd2 Rxe4 30. f4 Bd8 31. Nf2 Re8 32. b4 c4 33. Qd4 Bd7 34. Rfe1 g5 35.
Rac1 b5 36. Qa7 Bc8 37. Qb8 Be7 38. Kg2 Kf8 39. Qc7 gxf4 40. exf4 Qxf4 41. Rcd1
Qg3+ 42. Kf1 Bxg4 43. hxg4 h3 44. Re4 Qf3 45. g5 h2 46. Rh4 Qg3 47. Rh8+ Kg7 48.
Rxe8 h1=Q+ 49. Nxh1 Qh3+ 50. Kf2 Qf5+ 51. Kg2 Qe4+ 52. Kh3 Qf5+ 53. Kh2 Qc2+ 54.
Kg3 Qxd1 55. Qxe7 Qg1+ 56. Kf4 1-0

[Event "34th ECC Women 2018"]
[Site "Porto Carras GRE"]
[Date "2018.10.18"]
[Round "7.3"]
[Board "4"]
[White "Brunello, Marina"]
[Black "Buzukashvili, Sofia"]
[Result "0-1"]
[WhiteTitle "FM"]
[WhiteElo "2294"]
[BlackElo "1936"]
[WhiteTeam "Caissa Italia Pentole Agnelli"]
[BlackTeam "Beer Sheva Chess Club"]
[WhiteFideId "822590"]
[BlackFideId "4194837"]
[EventDate "2018.10.12"]

1. e4 c5 2. Nf3 d6 3. d4 cxd4 4. Nxd4 Nf6 5. Nc3 a6 6. Be2 e6 7. Be3 Be7 8. Qd2
Qc7 9. O-O-O Nbd7 10. g4 Nc5 11. f3 b5 12. a3 Nfd7 13. Bg5 f6 14. Be3 Nb6 15.
Ndxb5 axb5 16. Nxb5 Nb3+ 0-1

[Event "34th ECC Women 2018"]
[Site "Porto Carras GRE"]
[Date "2018.10.18"]
[Round "7.5"]
[Board "1"]
[White "Injac, Teodora"]
[Black "Heinemann, Josefine"]
[Result "1/2-1/2"]
[WhiteTitle "WIM"]
[BlackTitle "WIM"]
[WhiteElo "2258"]
[BlackElo "2308"]
[WhiteTeam "ZSK Maribor"]
[BlackTeam "Mulhouse Philidor"]
[WhiteFideId "932400"]
[BlackFideId "12900460"]
[EventDate "2018.10.12"]

1. Nf3 Nf6 2. c4 c5 3. g3 d5 4. cxd5 Nxd5 5. Bg2 Nc6 6. d4 cxd4 7. Nxd4 Ndb4 8.
Nxc6 Qxd1+ 9. Kxd1 Nxc6 10. Nc3 Bd7 11. Be3 O-O-O 12. Ke1 e5 13. Rc1 Kb8 14. f4
f6 15. Kf2 Be7 16. Rhd1 Be6 17. Nb5 Rxd1 18. Rxd1 Rd8 19. Rxd8+ Bxd8 20. a3 a6
21. Bxc6 bxc6 22. Nc3 a5 23. Na4 exf4 24. Bxf4+ Kc8 25. Nc5 Bb6 26. Bd6 a4 27.
Kf3 Bxc5 28. Bxc5 Kd7 29. e4 Bb3 30. Ke3 Ke6 31. Kd4 h5 32. h4 g5 33. Bb4 gxh4
34. gxh4 Bc2 35. Bc5 1/2-1/2

[Event "34th ECC Women 2018"]
[Site "Porto Carras GRE"]
[Date "2018.10.18"]
[Round "7.5"]
[Board "2"]
[White "Haussernot, Cecile"]
[Black "Vidic, Teja"]
[Result "0-1"]
[WhiteTitle "WIM"]
[BlackTitle "WFM"]
[WhiteElo "2204"]
[BlackElo "2116"]
[WhiteTeam "Mulhouse Philidor"]
[BlackTeam "ZSK Maribor"]
[WhiteFideId "601632"]
[BlackFideId "14605511"]
[EventDate "2018.10.12"]

1. e4 c5 2. Nf3 d6 3. d4 cxd4 4. Nxd4 Nf6 5. Nc3 Nc6 6. Bg5 e6 7. Qd2 Qb6 8. Nb3
Be7 9. O-O-O O-O 10. f3 a6 11. g4 Qc7 12. Bxf6 Bxf6 13. g5 Be7 14. f4 b5 15. Bd3
b4 16. Ne2 a5 17. f5 a4 18. Nbd4 b3 19. Kb1 bxa2+ 20. Kxa2 Nxd4 21. Nxd4 Qc5 22.
c3 e5 23. Nc2 d5 24. exd5 Qxd5+ 25. c4 Qb7 26. Qc3 Bxg5 27. Rhg1 Bf6 28. Nb4 Rb8
29. Nd5 Qb3+ 30. Qxb3 axb3+ 31. Kb1 Kh8 32. c5 Bb7 33. Be4 Rfc8 34. Nxf6 gxf6
35. Bxb7 Rxb7 36. Rd6 Rbc7 37. Rxf6 Rxc5 38. Rxf7 e4 39. Re7 Ra5 40. Reg7 e3 0-1

[Event "34th ECC Women 2018"]
[Site "Porto Carras GRE"]
[Date "2018.10.18"]
[Round "7.5"]
[Board "4"]
[White "Neuhauser, Salome"]
[Black "Mihevc-Mohr, Narcisa"]
[Result "0-1"]
[WhiteTitle "WFM"]
[BlackTitle "WFM"]
[WhiteElo "2115"]
[BlackElo "1983"]
[WhiteTeam "Mulhouse Philidor"]
[BlackTeam "ZSK Maribor"]
[WhiteFideId "662461"]
[BlackFideId "14600587"]
[EventDate "2018.10.12"]

1. e4 c5 2. Nf3 Nc6 3. Nc3 Nf6 4. Bb5 Nd4 5. e5 Nxb5 6. Nxb5 Nd5 7. c4 Nb4 8. d4
a6 9. Nc3 cxd4 10. Nxd4 Qc7 11. Qe2 Qxe5 12. Be3 e6 13. a3 Nc6 14. Nf3 Qh5 15.
g4 Qa5 16. O-O Be7 17. b4 Qc7 18. b5 Ne5 19. Nxe5 Qxe5 20. Na4 O-O 21. Nb6 Rb8
22. Qd2 Qc7 23. Rfc1 Bd6 24. c5 Bxh2+ 25. Kg2 Be5 26. Rab1 axb5 27. f4 Qc6+ 28.
Kg3 Bc7 29. Rh1 Qe4 30. Rbe1 g5 31. Kf2 Bxf4 32. Bxf4 Qxf4+ 33. Qxf4 gxf4 34.
Rd1 f5 35. g5 Rf7 36. Kf3 e5 37. Rd6 Rg7 38. Rg1 Rg6 39. Rxg6+ hxg6 40. Rd1 d5
41. cxd6 Be6 42. Re1 Rd8 43. Rxe5 Rxd6 44. Rxb5 Rd3+ 45. Kxf4 Rxa3 46. Rb4 Rb3
47. Rxb3 Bxb3 48. Ke5 Kg7 49. Kf4 Be6 50. Ke5 Kf7 51. Kf4 Ke8 52. Ke5 Ke7 53.
Na4 b5 54. Nc5 Bc4 55. Na6 Kd7 56. Nb4 Kc7 57. Nc2 Bd3 58. Nd4 b4 59. Ne6+ Kb6
60. Kd4 Bc2 61. Nf4 Kb5 62. Nxg6 Ka4 63. Nf4 b3 64. Kc3 Ka3 65. g6 b2 66. g7 Bb3
67. Kd4 0-1